| 000 | 00718nam a22002057a 4500 | ||
|---|---|---|---|
| 003 | 0 | ||
| 005 | 20240920125728.0 | ||
| 008 | 240920b xxu||||| |||| 00| 0 eng d | ||
| 020 | _a978-0-357-79646-7 | ||
| 050 |
_aRT 499 _b.P37 2024 |
||
| 100 | _aParritz, Robin Hornik | ||
| 245 |
_aDisorders of childhood _bdevelopment and psychopathology _cRobin Hornik Parritz and Michael F. Troy |
||
| 250 | _aFourth edition | ||
| 260 |
_aBoston, Massachusetts _bCengage _c2024 |
||
| 300 |
_axiii, 350 pages : _bcolored illustrations and pictures ; _c28cm. |
||
| 504 | _aIncludes bibliographical references, glossary, and index. | ||
| 650 | _aChild psychotherapy. | ||
| 650 | _aChild psychopathology. | ||
| 942 |
_2lcc _cBK |
||
| 999 |
_c366275 _d366275 |
||